Video Games - B - Statistics

General Stats
  • This quiz has been taken 16 times
  • The average score is 7 of 20
Answer Stats
Hint Answer % Correct
1991, Arcade: Play as one of three different frogs and beat the crud out of aliens! Battletoads
77%
2009, PS3/360: She's sexy, she's a witch, and she's got guns for days! Bayonetta
69%
1983, MSX: Place bombs down and watch enemies go boom! Bomberman
69%
1986, Arcade: Two little dinos blow bubbles trapping enemies in this cute game! Bubble Bobble
69%
1998, N64: Travel around as a bear and collect stuff with your trusty bird sidekick! Banjo-Kazooie
62%
2001, PC: Match as many gems together as possible! Bejeweled
54%
2002, PS2/XBOX/GC: A girl in search of her father must defeat every vampire in sight! BloodRayne
46%
1976, Arcade: A classic arcade game where you break bricks with a ball and paddle! Breakout
38%
1986, NES: Jousting in mid-air with nothing but balloons! Balloon Fight
31%
1995, PS1: One of the first weapons-based fighting games! Battle Arena Toshinden
31%
1993, SNES: Ryu must learn to master his dragon transformations! Breath of Fire
31%
1988, NES: A platformer where you can't jump, but you use a grappling hook instead! Bionic Commando
23%
2001, PC: A popular sim game, which is also the title of a song by Michael Jackson! Black and White
23%
2009, PS3/XBOX: In an open post-apocalyptic world, no one is safe! Borderlands
23%
2001, PS1: A game where you wreck your vehicle and cause as much destruction as possible! Burnout
23%
1998, PS1: Dance to the rhythms of the song in order to outshine your opponent! Bust A Groove
15%
2005, NDS: Train your mind with mental exercises! Big Brain Academy
8%
1988, NES: One part side-scrolling shooter, one part action platformer, all awesome! Blaster Master
8%
2008, Arcade: A sleek 2D fighting game with impressive graphics! BlazBlue
8%
1993, SNES/Genesis: A notoriously bad game that somehow got a recent reboot. Bubsy
8%
No matching quizzes found
Score Distribution
Percent of People with Each Score
Percentile by Number Answered
Your Score History
You have not taken this quiz